Las radios universitarias en América y Europa (Registro nro. 302616)

Detalles MARC
000 -ENCABEZADO
Número de control [NR] 01200 a2200301 4500
005 - FECHA Y HORA DE LA ÚLTIMA TRANSACCIÓN
control field 20160407073122.0
008 - DE LONGITUD FIJA DE DATOS DE ELEMENTOS - INFORMACIÓN GENERAL
Elementos de longitud fija [NR] 160224s2014 sp ad||fr|||| 001 0 spa d
020 ## - NUMERO INTERNACIONAL NORMALIZADO PARA LIBROS [R]
Número Internacional Normalizado del libro [NR] 9788470746468
040 ## - FUENTE DE CATALOGACION [NR]
Agencia de catalogación original [NR] CO-BoUCM
Idioma de catalogación [NR] spa
Quien Cataloga Sandra Palacio
Quien Clasifica Sandra Palacio
041 0# - CODIGO DE IDIOMA [R]
Código de idioma para texto/pista de sonido o título separado [R] Español
245 04 - MENCION DE TITULO [NR]
Título [NR] Las radios universitarias en América y Europa
Mención de responsabilidad, etc. [NR] Daniel Martín-Peña y Miguel Ángel Ortiz Sobrino (Editores)
260 ## - PUBLICACION, DISTRIBUCION, ETC. (PIE DE IMPRENTA) [R]
Nombre del editor, distribuidor, etc. [R] Fragua
Lugar de publicación, distribución, etc. [R] Madrid (España)
Fecha de publicación, distribución, etc. [R] 2014
300 ## - DESCRIPCION FISICA [R]
Extensión [R] 215 páginas
Otros detalles físicos [NR] ilustraciones, tablas, gráficos y diagramas
490 0# - MENCION DE SERIE [R]
Mención de serie [R] Biblioteca de ciencias de la comunicación
504 ## - NOTA DE BIBLIOGRAFIA, ETC. [R]
Nota de bibliografía, etc. [NR] Incluye referencias bibliográficas e índices
650 #7 - ASIENTO SECUNDARIO DE MATERIA - TERMINO TEMATICO [R]
Término temático o nombre geográfico como elemento de entrada [NR] Educación superior
9 (RLIN) 177
650 #7 - ASIENTO SECUNDARIO DE MATERIA - TERMINO TEMATICO [R]
9 (RLIN) 14586
Término temático o nombre geográfico como elemento de entrada [NR] Enseñanza audiovisual
650 #7 - ASIENTO SECUNDARIO DE MATERIA - TERMINO TEMATICO [R]
9 (RLIN) 23042
Término temático o nombre geográfico como elemento de entrada [NR] Radio en la educación
650 #7 - ASIENTO SECUNDARIO DE MATERIA - TERMINO TEMATICO [R]
9 (RLIN) 13779
Término temático o nombre geográfico como elemento de entrada [NR] Educación
Subdivisión general [R] Radio
651 ## - ASIENTO SECUNDARIO DE MATERIA - NOMBRE GEOGRAFICO [R]
Nombre geográfico [NR] América
Subdivisión general [R] Radio en la educación
9 (RLIN) 75758
651 ## - ASIENTO SECUNDARIO DE MATERIA - NOMBRE GEOGRAFICO [R]
Nombre geográfico [NR] Europa
Subdivisión general [R] Radio en la educación
9 (RLIN) 75759
690 #0 - ASUNTO AGREGADO LOCAL DE ENTRADA - TÉRMINO TEMÁTICO (OCLC, RLIN)
Acceso temático local Educación superior
9 (RLIN) 177
690 #0 - ASUNTO AGREGADO LOCAL DE ENTRADA - TÉRMINO TEMÁTICO (OCLC, RLIN)
Acceso temático local Periodismo
9 (RLIN) 21340
700 1# - ASIENTO SECUNDARIO - NOMBRE PERSONAL [R]
Nombre personal [NR] Martín-Peña, Daniel
Término de relación [R] editor
9 (RLIN) 75760
700 1# - ASIENTO SECUNDARIO - NOMBRE PERSONAL [R]
Nombre personal [NR] Ortiz Sorbino, Miguel Ángel
Término de relación [R] editor
9 (RLIN) 75761
942 ## - ELEMENTOS DE ENTRADA AGREGADOS (KOHA)
Sistema de clasificación DEWEY
Tipo de ítem principal el descrito en 300a Libro
Tema principal Educación
Edición 1
Clasificación 378.17
Parte restante de la signatura top. R129ra
Existencias
Fecha de último préstamo Total préstamos Total Renewals Signatura topográfica Código de barras Última vez visto Ejemplar Costo de reposición Price effective from Tipo de ítem Perdido Sistema de clasificación Dañado No prestable Tipo de ítem específico Suprimido Ubicación habitual Ubicación actual Localización Fecha de creación Proveedor Forma de adquisición Costo
03/03/2016 2 5 378.17 R129ra 100148718 05/12/2025 Ej.1 97659.00 23/02/2016 Libro   DEWEY     Libro   Claustro Claustro 2do piso 23/02/2016 37 Compra 97659.00